[Event "US Masters op"]
[Site "Greensboro"]
[Date "2014.08.31"]
[Round "6"]
[White "Li, Ethan"]
[Black "Zenyuk, Iryna"]
[Result "1/2-1/2"]
[WhiteElo "2323"]
[BlackElo "2246"]
[PlyCount "95"]
[EventDate "2014.08.28"]
[EventType "swiss"]
[EventRounds "9"]
[EventCountry "USA"]
[SourceTitle "CBM 162 Extra"]
[Source "ChessBase"]
[SourceDate "2014.10.17"]
[SourceVersion "1"]
[SourceVersionDate "2014.10.17"]
[SourceQuality "1"]

1. d4 Nf6 2. c4 g6 3. Nc3 Bg7 4. e4 d6 5. Nf3 0-0 6. h3 e5 7. d5 a5 8. Be3 Na6 9. g4 Bd7 10. Be2 c6 11. Nd2 h6 12. h4 Nh7 13. Qb3 Nc5 14. Qc2 a4 15. a3 Qa5 16. h5 g5 17. b4 axb3 18. Nxb3 Nxb3 19. Qxb3 b5 20. 0-0 bxc4 21. Bxc4 Rab8 22. Qc2 Rfc8 23. f3 Nf6 24. Qd3 Rb2 25. Rfc1 c5 26. a4 Ne8 27. Rcb1 Rb4 28. Bd2 Bf6 29. Rd1 Qa7 30. Nb5 Bxb5 31. axb5 Ra4 32. Bc3 Rxa1 33. Rxa1 Qb7 34. Qb1 Bd8 35. Ba5 Bf6 36. Bc3 Bd8 37. Ba5 Bxa5 38. Rxa5 Rb8 39. Qb3 Nc7 40. Kf2 Kg7 41. Ke3 Na8 42. Kd3 Nb6 43. Qa2 Qd7 44. Ra6 Rb7 45. Qa5 Qc7 46. Kc3 Kf6 47. Kd3 Kg7 48. Kc3 1/2-1/2

[Event "USA-ch (Women)"]
[Site "Saint Louis"]
[Date "2014.05.17"]
[Round "8"]
[White "Zenyuk, Iryna"]
[Black "Baginskaite, Camilla"]
[Result "1/2-1/2"]
[WhiteElo "2249"]
[BlackElo "2267"]
[PlyCount "90"]
[EventDate "2014.05.08"]
[EventType "tourn"]
[EventRounds "9"]
[EventCountry "USA"]
[EventCategory "1"]
[SourceTitle "CBM 160 Extra"]
[Source "ChessBase"]
[SourceDate "2014.07.01"]
[SourceVersion "1"]
[SourceVersionDate "2014.07.01"]
[SourceQuality "1"]

1. d4 Nf6 2. Nf3 e6 3. c4 Bb4+ 4. Bd2 c5 5. Bxb4 cxb4 6. e3 b6 7. Bd3 Bb7 8. Nbd2 0-0 9. Qc2 d5 10. b3 Nbd7 11. 0-0 Qc7 12. Rac1 Rac8 13. Rfe1 Rfd8 14. h3 Qb8 15. Qb1 h6 16. Bc2 e5 17. Bf5 exd4 18. exd4 Qd6 19. Ne5 Rc7 20. Ndf3 Nf8 21. Qb2 Ne4 22. cxd5 Nc3 23. Nc6 Bxc6 24. dxc6 Rxc6 25. Re3 Nd5 26. Rxc6 Qxc6 27. Ne5 Qd6 28. Nc4 Qc7 29. Rf3 Nd7 30. Qe2 N7f6 31. Qe5 b5 32. Ne3 Re8 33. Qxc7 Nxc7 34. Bd3 Rd8 35. Nc2 Nfd5 36. Rf5 Re8 37. Kf1 a6 38. Re5 Rd8 39. Be4 Kf8 40. Bf3 f6 41. Re1 a5 42. a3 bxa3 43. Nxa3 Nc3 44. Rc1 b4 45. Nc4 a4 1/2-1/2

[Event "USA-ch (Women)"]
[Site "Saint Louis"]
[Date "2014.05.14"]
[Round "6"]
[White "Zenyuk, Iryna"]
[Black "Ni, Viktorija"]
[Result "1-0"]
[WhiteElo "2249"]
[BlackElo "2206"]
[PlyCount "83"]
[EventDate "2014.05.08"]
[EventType "tourn"]
[EventRounds "9"]
[EventCountry "USA"]
[EventCategory "1"]
[SourceTitle "CBM 160 Extra"]
[Source "ChessBase"]
[SourceDate "2014.07.01"]
[SourceVersion "1"]
[SourceVersionDate "2014.07.01"]
[SourceQuality "1"]

1. d4 d6 2. Nf3 g6 3. c4 Bg7 4. e4 Bg4 5. Be2 Nc6 6. Be3 Bxf3 7. Bxf3 e5 8. d5 Nd4 9. Nc3 Ne7 10. g3 0-0 11. Bg2 c5 12. dxc6 bxc6 13. 0-0 Rb8 14. Rb1 c5 15. a3 Qc7 16. Qa4 a6 17. Kh1 Rb6 18. Rfc1 Nb3 19. Rd1 Nd4 20. Bf1 Qc6 21. b4 Rfb8 22. b5 axb5 23. cxb5 Qb7 24. Qc4 Nc2 25. Bc1 Nf5 26. Nd5 Nfd4 27. Nxb6 Qxb6 28. Bd3 d5 29. exd5 Qf6 30. Bxc2 Qf3+ 31. Kg1 Ne2+ 32. Kf1 Nc3 33. Ke1 e4 34. Be3 Rd8 35. Rb3 Nxd1 36. Bxd1 Qh1+ 37. Kd2 Qxh2 38. Qxe4 Qh3 39. Be2 Qc8 40. b6 f5 41. Qc4 Qb7 42. Bf3 1-0

[Event "CHN-USA Summit (Women) Rapid"]
[Site "Ningbo"]
[Date "2013.07.27"]
[Round "10.3"]
[White "Zenyuk, Iryna"]
[Black "Tan, Zhongyi"]
[Result "1/2-1/2"]
[WhiteElo "2250"]
[BlackElo "2478"]
[PlyCount "100"]
[EventDate "2013.07.25"]
[EventType "schev (rapid)"]
[EventRounds "10"]
[EventCountry "CHN"]
[SourceTitle "CBM 155 Extra"]
[Source "ChessBase"]
[SourceDate "2013.08.26"]
[SourceVersion "1"]
[SourceVersionDate "2013.08.26"]
[SourceQuality "1"]
[WhiteTeam "United States"]
[BlackTeam "China"]
[WhiteTeamCountry "USA"]
[BlackTeamCountry "CHN"]

1. d4 Nf6 2. c4 e6 3. Nc3 Bb4 4. e3 0-0 5. Bd3 Bxc3+ 6. bxc3 c5 7. Nf3 d6 8. 0-0 b6 9. e4 Nc6 10. d5 Na5 11. Bg5 e5 12. Nd2 h6 13. Bh4 g5 14. Bg3 Qe8 15. h4 Kg7 16. hxg5 hxg5 17. Nf3 Nh7 18. Qd2 f6 19. Qd1 Rh8 20. Nd2 Nf8 21. Be2 Qg6 22. Bg4 Qh7 23. f3 Bxg4 24. fxg4 Ng6 25. Kf2 Nf4 26. Bxf4 gxf4 27. Rh1 Qg6 28. Qf3 Rh6 29. Rxh6 Qxh6 30. Qh3 Qg6 31. Rh1 Rf8 32. a4 Rd8 33. g3 fxg3+ 34. Kxg3 Rg8 35. Qh5 Qg5 36. Qh7+ Kf8 37. Qh6+ Qxh6 38. Rxh6 Kg7 39. g5 Rf8 40. Rxf6 Rxf6 41. gxf6+ Kxf6 42. Kg4 Kg6 43. Kh4 Nb7 44. Nf1 Na5 45. Nd2 Nb7 46. Nf1 Na5 47. Ne3 Kf6 48. Kg4 Ke7 49. Kf3 Kf6 50. Ke2 Ke7 1/2-1/2

[Event "CHN-USA Summit (Women) Rapid"]
[Site "Ningbo"]
[Date "2013.07.26"]
[Round "7.3"]
[White "Guo, Qi"]
[Black "Zenyuk, Iryna"]
[Result "1-0"]
[WhiteElo "2446"]
[BlackElo "2250"]
[PlyCount "111"]
[EventDate "2013.07.25"]
[EventType "schev (rapid)"]
[EventRounds "10"]
[EventCountry "CHN"]
[SourceTitle "CBM 155 Extra"]
[Source "ChessBase"]
[SourceDate "2013.08.26"]
[SourceVersion "1"]
[SourceVersionDate "2013.08.26"]
[SourceQuality "1"]
[WhiteTeam "China"]
[BlackTeam "United States"]
[WhiteTeamCountry "CHN"]
[BlackTeamCountry "USA"]

1. d4 Nf6 2. Nf3 g6 3. c4 Bg7 4. Nc3 0-0 5. e4 d6 6. Be2 e5 7. 0-0 Nc6 8. d5 Ne7 9. Ne1 Nd7 10. Nd3 f5 11. f3 f4 12. Bd2 g5 13. Rc1 Ng6 14. c5 Nf6 15. Nb5 Rf7 16. Ba5 b6 17. cxd6 bxa5 18. dxc7 Qf8 19. Nc5 Nd7 20. Ne6 Qe7 21. Nd8 Nb6 22. d6 Qd7 23. Rc6 Bf6 24. Rxb6 axb6 25. Qd5 Bxd8 26. cxd8Q+ Qxd8 27. Bc4 Be6 28. Qxe6 Qe8 29. Qg4 Rd8 30. Qxg5 Kg7 31. Nc7 Rxc7 32. dxc7 Rc8 33. Rd1 Rxc7 34. Rd8 h6 35. Rxe8 hxg5 36. b3 Rd7 37. g3 Rd1+ 38. Kg2 Rd2+ 39. Kh3 Rxa2 40. Rg8+ Kh7 41. Bf7 fxg3 42. hxg3 Rf2 43. Rxg6 Rxf3 44. Be8 Rxb3 45. Rxg5 b5 46. Rxe5 Rb4 47. Bxb5 a4 48. Bc6 Rc4 49. Bd5 Rc3 50. Re7+ Kg6 51. Ra7 a3 52. Kg4 Kf6 53. Kf4 Rd3 54. g4 Kg6 55. Ra6+ Kg7 56. g5 1-0

[Event "CHN-USA Summit (Women) Rapid"]
[Site "Ningbo"]
[Date "2013.07.26"]
[Round "8.3"]
[White "Ju, Wenjun"]
[Black "Zenyuk, Iryna"]
[Result "1-0"]
[WhiteElo "2531"]
[BlackElo "2250"]
[PlyCount "93"]
[EventDate "2013.07.25"]
[EventType "schev (rapid)"]
[EventRounds "10"]
[EventCountry "CHN"]
[SourceTitle "CBM 155 Extra"]
[Source "ChessBase"]
[SourceDate "2013.08.26"]
[SourceVersion "1"]
[SourceVersionDate "2013.08.26"]
[SourceQuality "1"]
[WhiteTeam "China"]
[BlackTeam "United States"]
[WhiteTeamCountry "CHN"]
[BlackTeamCountry "USA"]

1. Nf3 Nf6 2. c4 g6 3. Nc3 Bg7 4. d4 0-0 5. e4 d6 6. Be2 e5 7. 0-0 Nc6 8. d5 Ne7 9. Nd2 Ne8 10. b4 f5 11. c5 Nf6 12. a4 fxe4 13. Ndxe4 Nxe4 14. Nxe4 Bf5 15. f3 Kh8 16. cxd6 cxd6 17. Bg5 Qb6+ 18. Kh1 Ng8 19. Qd2 Bxe4 20. fxe4 Qd4 21. Bf3 Qxd2 22. Bxd2 Bh6 23. Bxh6 Nxh6 24. Rfc1 Rac8 25. a5 a6 26. Kg1 Kg7 27. h4 Kf6 28. Kf2 Ke7 29. Ke3 Kd7 30. Be2 Rxc1 31. Rxc1 Rc8 32. Rxc8 Kxc8 33. g3 Kc7 34. Kf3 Nf7 35. Bf1 b5 36. Bh3 h6 37. Be6 Nd8 38. Bg8 Kd7 39. Bh7 g5 40. Bf5+ Kc7 41. hxg5 hxg5 42. Kg4 Nf7 43. Be6 Nd8 44. Kxg5 Nb7 45. Kf6 Nxa5 46. bxa5 b4 47. Bg4 1-0

[Event "CHN-USA Summit (Women) Rapid"]
[Site "Ningbo"]
[Date "2013.07.26"]
[Round "5.8"]
[White "Tan, Zhongyi"]
[Black "Zenyuk, Iryna"]
[Result "1-0"]
[WhiteElo "2478"]
[BlackElo "2250"]
[PlyCount "63"]
[EventDate "2013.07.25"]
[EventType "schev (rapid)"]
[EventRounds "10"]
[EventCountry "CHN"]
[SourceTitle "CBM 155 Extra"]
[Source "ChessBase"]
[SourceDate "2013.08.26"]
[SourceVersion "1"]
[SourceVersionDate "2013.08.26"]
[SourceQuality "1"]
[WhiteTeam "China"]
[BlackTeam "United States"]
[WhiteTeamCountry "CHN"]
[BlackTeamCountry "USA"]

1. d4 Nf6 2. Nf3 g6 3. c4 Bg7 4. Nc3 0-0 5. Bg5 d6 6. e3 b6 7. Be2 Bb7 8. Qc2 a6 9. 0-0 c5 10. Rad1 Nbd7 11. d5 b5 12. cxb5 axb5 13. Bxb5 Ba6 14. a4 Bxb5 15. axb5 h6 16. Bh4 Nb6 17. e4 g5 18. Bg3 Nh5 19. Ra1 Nxg3 20. hxg3 Qd7 21. Qe2 c4 22. Qe3 Bxc3 23. bxc3 Rxa1 24. Rxa1 Qxb5 25. Nd4 Qc5 26. Qf3 Kh7 27. Ne6 Qc8 28. Nxf8+ Qxf8 29. Ra6 Na8 30. Qf5+ Kg7 31. Qd7 Qb8 32. Qxe7 1-0

[Event "CHN-USA Summit (Women) Rapid"]
[Site "Ningbo"]
[Date "2013.07.25"]
[Round "4.3"]
[White "Wang, Jue"]
[Black "Zenyuk, Iryna"]
[Result "0-1"]
[WhiteElo "2399"]
[BlackElo "2250"]
[PlyCount "62"]
[EventDate "2013.07.25"]
[EventType "schev (rapid)"]
[EventRounds "10"]
[EventCountry "CHN"]
[SourceTitle "CBM 155 Extra"]
[Source "ChessBase"]
[SourceDate "2013.08.26"]
[SourceVersion "1"]
[SourceVersionDate "2013.08.26"]
[SourceQuality "1"]
[WhiteTeam "China"]
[BlackTeam "United States"]
[WhiteTeamCountry "CHN"]
[BlackTeamCountry "USA"]

1. e4 c5 2. Nf3 Nc6 3. d4 cxd4 4. Nxd4 g6 5. c4 Bg7 6. Be3 Nf6 7. Nc3 d6 8. Be2 0-0 9. 0-0 Nxd4 10. Bxd4 Bd7 11. Qd2 Bc6 12. Bd3 a5 13. Rfe1 Nd7 14. Bxg7 Kxg7 15. Re3 e5 16. Be2 Nf6 17. Rd1 Qb6 18. Qxd6 Qxb2 19. Rb1 Qc2 20. Bd1 Qxb1 21. Rf3 Rad8 22. Qxf6+ Kg8 23. h4 Rxd1+ 24. Nxd1 Qxd1+ 25. Kh2 Qd8 26. Qxe5 Qxh4+ 27. Rh3 Qxe4 28. Qg5 f6 29. Qg3 Qxc4 30. Qc7 Qf7 31. Qxa5 Qd5 0-1

[Event "CHN-USA Summit (Women)"]
[Site "Ningbo"]
[Date "2013.07.23"]
[Round "5.3"]
[White "Zenyuk, Iryna"]
[Black "Tan, Zhongyi"]
[Result "1/2-1/2"]
[WhiteElo "2250"]
[BlackElo "2478"]
[PlyCount "123"]
[EventDate "2013.07.19"]
[EventType "schev"]
[EventRounds "5"]
[EventCountry "CHN"]
[SourceTitle "CBM 155 Extra"]
[Source "ChessBase"]
[SourceDate "2013.08.26"]
[SourceVersion "1"]
[SourceVersionDate "2013.08.26"]
[SourceQuality "1"]
[WhiteTeam "United States"]
[BlackTeam "China"]
[WhiteTeamCountry "USA"]
[BlackTeamCountry "CHN"]

1. d4 d5 2. c4 e6 3. Nc3 Bb4 4. Nf3 Nf6 5. e3 0-0 6. Bd3 c5 7. 0-0 b6 8. a3 Bxc3 9. bxc3 Ba6 10. cxd5 exd5 11. dxc5 bxc5 12. Bxa6 Nxa6 13. c4 dxc4 14. Qa4 Nc7 15. Qxc4 Qd5 16. Qc2 Ne6 17. Bb2 Qe4 18. Rfc1 Qxc2 19. Rxc2 Nd7 20. Ne5 Nxe5 21. Bxe5 f6 22. Bg3 Rfd8 23. Rc3 Rd2 24. Rb1 Rad8 25. h4 Rd1+ 26. Rxd1 Rxd1+ 27. Kh2 Kf7 28. Rc4 Ke7 29. Ra4 Rd7 30. Kg1 Rb7 31. Kf1 Nf8 32. Re4+ Kd7 33. Ke2 Kc6 34. Kd2 Nd7 35. Re7 Nb6 36. Rxb7 Kxb7 37. Kc3 Kc6 38. e4 Kb5 39. Bd6 a5 40. Bf8 g6 41. g4 h5 42. gxh5 gxh5 43. f4 Kc6 44. Kd3 Nd7 45. Be7 Kb5 46. Kc3 Kc6 47. a4 Nb6 48. Bxf6 Nxa4+ 49. Kc2 Nb6 50. f5 Nc4 51. Bc3 Kd6 52. Kb3 Ne5 53. Bxa5 Nf3 54. Kc4 Nxh4 55. Bb6 Ke5 56. Kxc5 Kxe4 57. f6 Ng6 58. Kd6 Kf5 59. f7 Kf6 60. Bd8+ Kxf7 61. Kd5 Ne7+ 62. Bxe7 1/2-1/2

[Event "CHN-USA Summit (Women)"]
[Site "Ningbo"]
[Date "2013.07.22"]
[Round "4.3"]
[White "Zenyuk, Iryna"]
[Black "Wang, Jue"]
[Result "1/2-1/2"]
[WhiteElo "2250"]
[BlackElo "2399"]
[PlyCount "113"]
[EventDate "2013.07.19"]
[EventType "schev"]
[EventRounds "5"]
[EventCountry "CHN"]
[SourceTitle "CBM 155 Extra"]
[Source "ChessBase"]
[SourceDate "2013.08.26"]
[SourceVersion "1"]
[SourceVersionDate "2013.08.26"]
[SourceQuality "1"]
[WhiteTeam "United States"]
[BlackTeam "China"]
[WhiteTeamCountry "USA"]
[BlackTeamCountry "CHN"]

1. d4 Nf6 2. c4 g6 3. Nc3 d5 4. e3 Bg7 5. Nf3 0-0 6. Be2 c5 7. dxc5 dxc4 8. 0-0 Qa5 9. e4 Nc6 10. Bxc4 Qxc5 11. Qa4 Bg4 12. Be3 Qa5 13. Qxa5 Nxa5 14. Be2 Rfc8 15. h3 Be6 16. Bd4 Nc6 17. Be3 h6 18. Rfd1 a6 19. Nd4 Nxd4 20. Bxd4 Nd7 21. f4 b5 22. Bf3 Rab8 23. e5 b4 24. Nd5 Bxd5 25. Bxd5 e6 26. Bb3 Bf8 27. Kf2 Rc7 28. Rac1 Rbc8 29. Rxc7 Rxc7 30. Ke3 Be7 31. g4 Kf8 32. Ke4 Nc5+ 33. Bxc5 Rxc5 34. f5 gxf5+ 35. gxf5 exf5+ 36. Kxf5 f6 37. Bd5 fxe5 38. Ke6 Bg5 39. Kxe5 Rc2 40. Rf1+ Kg7 41. Rf7+ Kg6 42. Ra7 Re2+ 43. Be4+ Kh5 44. Kd5 Kh4 45. Bf5 Bf6 46. Bc8 a5 47. Ra6 Kg5 48. Bg4 Re5+ 49. Kc4 Bg7 50. Kb3 h5 51. Be6 Re3+ 52. Ka4 Bxb2 53. Rxa5+ Kf6 54. Bc8 Rc3 55. Bd7 Rd3 56. Bc8 Rd8 57. Rc5 1/2-1/2

[Event "CHN-USA Summit (Women)"]
[Site "Ningbo"]
[Date "2013.07.21"]
[Round "3.3"]
[White "Ju, Wenjun"]
[Black "Zenyuk, Iryna"]
[Result "1-0"]
[WhiteElo "2531"]
[BlackElo "2250"]
[PlyCount "69"]
[EventDate "2013.07.19"]
[EventType "schev"]
[EventRounds "5"]
[EventCountry "CHN"]
[SourceTitle "CBM 155 Extra"]
[Source "ChessBase"]
[SourceDate "2013.08.26"]
[SourceVersion "1"]
[SourceVersionDate "2013.08.26"]
[SourceQuality "1"]
[WhiteTeam "China"]
[BlackTeam "United States"]
[WhiteTeamCountry "CHN"]
[BlackTeamCountry "USA"]

1. d4 Nf6 2. c4 g6 3. g3 Bg7 4. Bg2 0-0 5. Nc3 d6 6. Nf3 Nc6 7. 0-0 Bf5 8. Nh4 Bd7 9. f4 Na5 10. e4 Nxc4 11. e5 dxe5 12. dxe5 Ng4 13. Qe2 Na5 14. b4 Nc6 15. Rd1 Qc8 16. b5 Ncxe5 17. fxe5 Nxe5 18. Bf4 Bg4 19. Nf3 Nxf3+ 20. Bxf3 Bxf3 21. Qxf3 e5 22. Bg5 f6 23. Be3 Qe6 24. Qxb7 a6 25. Qc6 Rae8 26. Rd7 Qxc6 27. bxc6 f5 28. Nd5 f4 29. Nxc7 Rc8 30. Bb6 Bf6 31. Rad1 fxg3 32. hxg3 e4 33. Re1 Bd8 34. Rxe4 Bxc7 35. Rxc7 1-0

[Event "CHN-USA Summit (Women)"]
[Site "Ningbo"]
[Date "2013.07.19"]
[Round "1.3"]
[White "Zenyuk, Iryna"]
[Black "Ding, Yixin"]
[Result "1/2-1/2"]
[WhiteElo "2250"]
[BlackElo "2432"]
[PlyCount "106"]
[EventDate "2013.07.19"]
[EventType "schev"]
[EventRounds "5"]
[EventCountry "CHN"]
[SourceTitle "CBM 155 Extra"]
[Source "ChessBase"]
[SourceDate "2013.08.26"]
[SourceVersion "1"]
[SourceVersionDate "2013.08.26"]
[SourceQuality "1"]
[WhiteTeam "United States"]
[BlackTeam "China"]
[WhiteTeamCountry "USA"]
[BlackTeamCountry "CHN"]

1. d4 Nf6 2. c4 g6 3. Nc3 d5 4. cxd5 Nxd5 5. e4 Nxc3 6. bxc3 Bg7 7. Be3 c5 8. Qd2 Qa5 9. Rc1 0-0 10. Nf3 Bg4 11. Be2 e6 12. d5 exd5 13. exd5 c4 14. 0-0 Nd7 15. Rfd1 Bxf3 16. Bxf3 Ne5 17. Be2 Rad8 18. Qb2 Rxd5 19. Rxd5 Qxd5 20. Bxa7 Nd3 21. Bxd3 cxd3 22. Be3 Ra8 23. a3 Be5 24. h3 b5 25. Rb1 Bd6 26. g3 Qe4 27. Qd2 Rxa3 28. Rd1 Be5 29. Qxd3 Qxd3 30. Rxd3 Bxc3 31. Bc1 Rb3 32. Kg2 b4 33. Bd2 Ra3 34. Bxc3 bxc3 35. Rd8+ Kg7 36. Rc8 Kf6 37. Kf3 Ke5 38. Ke3 h5 39. h4 c2+ 40. Ke2 Ra2 41. Ke3 Kf5 42. Kf3 Ke5 43. Ke3 Kd5 44. Rc7 f6 45. Rc8 g5 46. hxg5 fxg5 47. Rd8+ Kc4 48. Rc8+ Kb3 49. Kd2 h4 50. gxh4 gxh4 51. Rc3+ Kb4 52. Rh3 c1Q+ 53. Kxc1 Rxf2 1/2-1/2

[Event "USA-ch (Women)"]
[Site "Saint Louis"]
[Date "2013.05.11"]
[Round "8"]
[White "Zenyuk, Iryna"]
[Black "Zatonskih, Anna"]
[Result "0-1"]
[WhiteElo "2243"]
[BlackElo "2466"]
[PlyCount "78"]
[EventDate "2013.05.03"]
[EventType "tourn"]
[EventRounds "9"]
[EventCountry "USA"]
[EventCategory "2"]
[SourceTitle "CBM 154 Extra"]
[Source "ChessBase"]
[SourceDate "2013.06.25"]
[SourceVersion "2"]
[SourceVersionDate "2013.06.25"]
[SourceQuality "1"]

1. d4 Nf6 2. c4 e6 3. Nc3 Bb4 4. e3 0-0 5. Bd3 d5 6. Nf3 c5 7. 0-0 dxc4 8. Bxc4 cxd4 9. exd4 b6 10. Bg5 Bb7 11. Ne5 Nbd7 12. Qe2 Bxc3 13. bxc3 Rc8 14. Rac1 Qc7 15. Bd3 Nxe5 16. dxe5 Qc6 17. f3 Qc5+ 18. Kh1 h6 19. Bd2 Nd7 20. Rfe1 Rfd8 21. Bf4 Nf8 22. Bg3 Rd7 23. Bf2 Qa3 24. Bb5 Rdd8 25. Qc2 Ng6 26. Qb3 Qe7 27. Bg3 h5 28. h3 Qg5 29. Bf2 Rd2 30. Rc2 Nh4 31. Bf1 Nxf3 32. gxf3 Bxf3+ 33. Kh2 Qf4+ 34. Kg1 Qg5+ 35. Kh2 Rxf2+ 36. Rxf2 Qf4+ 37. Kg1 Qg3+ 38. Bg2 Bxg2 39. Rxg2 Qxe1+ 0-1

[Event "USA-ch (Women)"]
[Site "Saint Louis"]
[Date "2013.05.10"]
[Round "7"]
[White "Zenyuk, Iryna"]
[Black "Foisor, Sabina Francesca"]
[Result "1-0"]
[WhiteElo "2243"]
[BlackElo "2300"]
[PlyCount "81"]
[EventDate "2013.05.03"]
[EventType "tourn"]
[EventRounds "9"]
[EventCountry "USA"]
[EventCategory "2"]
[SourceTitle "CBM 154 Extra"]
[Source "ChessBase"]
[SourceDate "2013.06.25"]
[SourceVersion "2"]
[SourceVersionDate "2013.06.25"]
[SourceQuality "1"]

1. d4 e6 2. c4 c5 3. d5 exd5 4. cxd5 d6 5. Nc3 g6 6. e4 Bg7 7. h3 a6 8. Nf3 Ne7 9. a4 0-0 10. Bd3 h6 11. 0-0 f5 12. Re1 Nd7 13. Bf4 Qb6 14. exf5 Nxf5 15. Qd2 g5 16. a5 Qc7 17. Bh2 Nd4 18. Nxd4 Bxd4 19. Re7 Rxf2 20. Qxf2 Bxf2+ 21. Kxf2 Qd8 22. Bxd6 Nf6 23. Bxc5 Bxh3 24. Rae1 Rc8 25. Bd4 Qd6 26. Kg1 Qg3 27. R1e2 Qxd3 28. Bxf6 Bf5 29. Rg7+ Kf8 30. Ree7 Bg6 31. d6 Qxd6 32. Rxg6 Qc5+ 33. Kh1 Qf5 34. Rxh6 Qf1+ 35. Kh2 Qf4+ 36. Kh1 Qf1+ 37. Kh2 Qf4+ 38. Kg1 Qc1+ 39. Kf2 Qc2+ 40. Ke1 Qc1+ 41. Nd1 1-0

[Event "USA-ch (Women)"]
[Site "Saint Louis"]
[Date "2013.05.07"]
[Round "5"]
[White "Zenyuk, Iryna"]
[Black "Baginskaite, Camilla"]
[Result "1/2-1/2"]
[WhiteElo "2243"]
[BlackElo "2278"]
[PlyCount "39"]
[EventDate "2013.05.03"]
[EventType "tourn"]
[EventRounds "9"]
[EventCountry "USA"]
[EventCategory "2"]
[SourceTitle "CBM 154 Extra"]
[Source "ChessBase"]
[SourceDate "2013.06.25"]
[SourceVersion "2"]
[SourceVersionDate "2013.06.25"]
[SourceQuality "1"]

1. d4 Nf6 2. c4 e6 3. Nc3 Bb4 4. e3 0-0 5. Bd3 c5 6. Nf3 d5 7. 0-0 Nc6 8. a3 Bxc3 9. bxc3 Qc7 10. Bb2 dxc4 11. Bxc4 e5 12. h3 Bf5 13. Qe2 a6 14. a4 Rfe8 15. Rfd1 Rad8 16. Nh4 Bd7 17. Nf3 Bf5 18. Nh4 Bd7 19. Nf3 Bf5 20. Nh4 1/2-1/2

[Event "USA-ch (Women)"]
[Site "Saint Louis"]
[Date "2013.05.06"]
[Round "4"]
[White "Abrahamyan, Tatev"]
[Black "Zenyuk, Iryna"]
[Result "1-0"]
[WhiteElo "2280"]
[BlackElo "2243"]
[PlyCount "59"]
[EventDate "2013.05.03"]
[EventType "tourn"]
[EventRounds "9"]
[EventCountry "USA"]
[EventCategory "2"]
[SourceTitle "CBM 154 Extra"]
[Source "ChessBase"]
[SourceDate "2013.06.25"]
[SourceVersion "2"]
[SourceVersionDate "2013.06.25"]
[SourceQuality "1"]

1. e4 c5 2. Nf3 Nc6 3. d4 cxd4 4. Nxd4 g6 5. Nc3 Bg7 6. Be3 Nf6 7. Bc4 d6 8. f3 0-0 9. Bb3 Bd7 10. h4 h5 11. Qd2 Rc8 12. 0-0-0 Ne5 13. Bg5 Rc5 14. Kb1 b5 15. g4 a5 16. gxh5 a4 17. h6 Bh8 18. h7+ Nxh7 19. Bd5 Bg7 20. f4 Nxg5 21. hxg5 Ng4 22. f5 b4 23. Nce2 Rxd5 24. exd5 Nf2 25. Qf4 Nxd1 26. Qh4 Re8 27. fxg6 Ne3 28. gxf7+ Kxf7 29. Qh5+ Kg8 30. Ne6 1-0

[Event "USA-ch (Women)"]
[Site "Saint Louis"]
[Date "2013.05.05"]
[Round "3"]
[White "Zenyuk, Iryna"]
[Black "Ni, Viktorija"]
[Result "1-0"]
[WhiteElo "2243"]
[BlackElo "2262"]
[PlyCount "93"]
[EventDate "2013.05.03"]
[EventType "tourn"]
[EventRounds "9"]
[EventCountry "USA"]
[EventCategory "2"]
[SourceTitle "CBM 154 Extra"]
[Source "ChessBase"]
[SourceDate "2013.06.25"]
[SourceVersion "2"]
[SourceVersionDate "2013.06.25"]
[SourceQuality "1"]

1. d4 Nf6 2. c4 e6 3. Nc3 Bb4 4. e3 0-0 5. Bd3 c5 6. Nf3 Bxc3+ 7. bxc3 d6 8. 0-0 Nc6 9. e4 e5 10. d5 Ne7 11. Nh4 Kh8 12. g3 Bh3 13. Re1 Nfg8 14. f3 g6 15. Rb1 b6 16. Rb2 h6 17. Rf2 Kg7 18. Qc2 Qd7 19. g4 Nf6 20. Kh1 h5 21. g5 Nh7 22. f4 exf4 23. Bxf4 f6 24. gxf6+ Nxf6 25. e5 Ng4 26. exd6 Ng8 27. Bxg6 Qd8 28. Nf5+ Rxf5 29. Bxf5 Nxf2+ 30. Qxf2 Bxf5 31. Be5+ Kg6 32. Rg1+ Bg4 33. h3 Nh6 34. hxg4 Nxg4 35. Qc2+ Kh6 36. Qd2+ Kg6 37. Qd3+ Kh6 38. Bf4+ Kg7 39. Qe2 Qh4+ 40. Kg2 Re8 41. Qxe8 Qf2+ 42. Kh3 Qxg1 43. Qe7+ Kg8 44. Qe6+ Kg7 45. Be5+ Nxe5 46. Qxe5+ Kh7 47. Qxh5+ 1-0

[Event "Philadelphia op 7th"]
[Site "Philadelphia"]
[Date "2013.03.31"]
[Round "8"]
[White "Balakrishnan, Praveen"]
[Black "Zenyuk, Iryna"]
[Result "0-1"]
[WhiteElo "2075"]
[BlackElo "2263"]
[PlyCount "50"]
[EventDate "2013.03.27"]
[EventType "swiss"]
[EventRounds "9"]
[EventCountry "USA"]
[SourceTitle "CBM 153 Extra"]
[Source "ChessBase"]
[SourceDate "2013.04.22"]
[SourceVersion "1"]
[SourceVersionDate "2013.04.22"]
[SourceQuality "1"]

1. e4 c5 2. Nf3 Nc6 3. Bb5 g6 4. Bxc6 dxc6 5. c3 Nf6 6. Qe2 Bg7 7. 0-0 Bg4 8. Rd1 e5 9. d3 Nd7 10. Nbd2 0-0 11. h3 Bxf3 12. Nxf3 Re8 13. d4 cxd4 14. cxd4 exd4 15. Nxd4 Qe7 16. f3 Nb6 17. a4 a5 18. Be3 Qb4 19. b3 Rad8 20. Qf2 c5 21. Nc2 Rxd1+ 22. Rxd1 Qxb3 23. Bxc5 Nxa4 24. Bd4 Rd8 25. Rd2 Qxc2 0-1

[Event "Philadelphia op 7th"]
[Site "Philadelphia"]
[Date "2013.03.31"]
[Round "9"]
[White "Zenyuk, Iryna"]
[Black "Liang, Awonder"]
[Result "1/2-1/2"]
[WhiteElo "2263"]
[BlackElo "2005"]
[PlyCount "45"]
[EventDate "2013.03.27"]
[EventType "swiss"]
[EventRounds "9"]
[EventCountry "USA"]
[SourceTitle "CBM 153 Extra"]
[Source "ChessBase"]
[SourceDate "2013.04.22"]
[SourceVersion "1"]
[SourceVersionDate "2013.04.22"]
[SourceQuality "1"]

1. d4 Nf6 2. c4 g6 3. Nc3 Bg7 4. e4 d6 5. Nf3 0-0 6. Be2 e5 7. 0-0 exd4 8. Nxd4 c6 9. Be3 Re8 10. f3 d5 11. cxd5 Nxd5 12. Nxd5 cxd5 13. Rc1 Nc6 14. Nxc6 bxc6 15. Bd4 Bxd4+ 16. Qxd4 dxe4 17. Qxd8 Rxd8 18. fxe4 Be6 19. Bc4 Bxc4 20. Rxc4 Rd2 21. Rf2 Rd1+ 22. Rf1 Rd2 23. Rf2 1/2-1/2

[Event "Philadelphia op 7th"]
[Site "Philadelphia"]
[Date "2013.03.27"]
[Round "1"]
[White "Margvelashvili, Giorgi"]
[Black "Zenyuk, Iryna"]
[Result "1-0"]
[WhiteElo "2565"]
[BlackElo "2263"]
[PlyCount "77"]
[EventDate "2013.03.27"]
[EventType "swiss"]
[EventRounds "9"]
[EventCountry "USA"]
[SourceTitle "CBM 153 Extra"]
[Source "ChessBase"]
[SourceDate "2013.04.22"]
[SourceVersion "1"]
[SourceVersionDate "2013.04.22"]
[SourceQuality "1"]

1. Nf3 Nf6 2. c4 g6 3. Nc3 Bg7 4. d4 0-0 5. Bg5 d6 6. e3 b6 7. Be2 Bb7 8. Qc2 a6 9. 0-0 c5 10. d5 b5 11. Nd2 Nbd7 12. e4 bxc4 13. Nxc4 a5 14. a4 Nb6 15. Ne3 Ba6 16. Bxa6 Rxa6 17. b3 Ra8 18. Rad1 Rc8 19. Nb5 Qd7 20. Nc4 Nxc4 21. bxc4 Qg4 22. f4 h6 23. h3 Qh5 24. Bxf6 Bxf6 25. Qd3 Qh4 26. Na7 Rb8 27. Nc6 Bd4+ 28. Kh2 Rb2 29. Rd2 Qf6 30. Rxb2 Bxb2 31. Qe2 Qg7 32. e5 Bd4 33. Nxe7+ Kh7 34. Nc6 Re8 35. Nxd4 cxd4 36. Re1 Qf8 37. Qd3 dxe5 38. fxe5 Qc5 39. Re4 1-0